[Event "World Chess Olympiad 2018"]
[Site "Batumi"]
[Date "2018.10.05"]
[Round "11"]
[Board "1"]
[WhiteFideId "15400263"]
[White "Wong Kai Meng"]
[BlackFideId "12200875"]
[Black "Tagelsir Abubaker"]
[Result "0-1"]
[LiveChessVersion "1.4.8"]
[BlackElo "2236"]
[WhiteElo "1661"]

1. d4 {[%clk 1:30:51]} Nf6 {[%clk 1:28:22]} 2. c4 {[%clk 1:31:04]} g6
{[%clk 1:28:37]} 3. Nc3 {[%clk 1:31:16]} Bg7 {[%clk 1:29:02]} 4. e4
{[%clk 1:31:37]} d6 {[%clk 1:29:26]} 5. Nf3 {[%clk 1:31:44]} O-O {[%clk 1:29:48]}
6. Be2 {[%clk 1:31:59]} Na6 {[%clk 1:29:08]} 7. O-O {[%clk 1:27:29]} e5
{[%clk 1:29:17]} 8. Bg5 {[%clk 1:26:26]} h6 {[%clk 1:29:22]} 9. Bxf6
{[%clk 1:22:06]} Qxf6 {[%clk 1:28:30]} 10. Nd5 {[%clk 1:22:05]} Qd8
{[%clk 1:28:53]} 11. dxe5 {[%clk 1:22:01]} dxe5 {[%clk 1:29:13]} 12. Qc2
{[%clk 1:19:49]} c6 {[%clk 1:28:37]} 13. Nc3 {[%clk 1:18:35]} Qe7
{[%clk 1:26:54]} 14. a3 {[%clk 1:18:16]} Nc5 {[%clk 1:27:09]} 15. b4
{[%clk 1:17:48]} Ne6 {[%clk 1:27:34]} 16. Rad1 {[%clk 1:08:42]} h5
{[%clk 1:23:22]} 17. c5 {[%clk 1:04:27]} Nf4 {[%clk 1:22:42]} 18. Bc4
{[%clk 1:04:36]} Bg4 {[%clk 1:23:01]} 19. Be2 {[%clk 1:01:34]} h4
{[%clk 1:18:50]} 20. h3 {[%clk 0:59:51]} Bh5 {[%clk 1:10:25]} 21. Rd6
{[%clk 0:56:35]} Rac8 {[%clk 1:06:33]} 22. Rfd1 {[%clk 0:56:06]} Rc7
{[%clk 1:06:53]} 23. b5 {[%clk 0:55:12]} cxb5 {[%clk 0:56:17]} 24. Nd5
{[%clk 0:50:07]} Qxd6 {[%clk 0:56:12]} 25. cxd6 {[%clk 0:44:45]} Rxc2
{[%clk 0:55:53]} 26. Nxf4 {[%clk 0:45:07]} exf4 {[%clk 0:56:09]} 27. Bxb5
{[%clk 0:45:25]} Bxf3 {[%clk 0:55:53]} 28. gxf3 {[%clk 0:45:45]} a6
{[%clk 0:56:04]} 29. Ba4 {[%clk 0:45:08]} Ra2 {[%clk 0:56:28]} 30. d7
{[%clk 0:44:56]} Ra1 {[%clk 0:56:47]} 0-1

[Event "World Chess Olympiad 2018"]
[Site "Batumi"]
[Date "2018.10.05"]
[Round "11"]
[Board "2"]
[WhiteFideId "12200085"]
[White "Nadir Samir"]
[BlackFideId "15400344"]
[Black "Ieong Seak Hin"]
[Result "1-0"]
[LiveChessVersion "1.4.8"]
[BlackElo "1825"]
[WhiteElo "2170"]

1. d4 {[%clk 1:30:34]} Nf6 {[%clk 1:30:55]} 2. Bf4 {[%clk 1:30:32]} g6
{[%clk 1:31:20]} 3. Nc3 {[%clk 1:29:49]} Bg7 {[%clk 1:31:44]} 4. e4
{[%clk 1:29:59]} d6 {[%clk 1:32:07]} 5. Qd2 {[%clk 1:29:53]} Nbd7
{[%clk 1:32:17]} 6. Nf3 {[%clk 1:25:56]} O-O {[%clk 1:30:48]} 7. h4
{[%clk 1:23:12]} Qe8 {[%clk 1:29:37]} 8. e5 {[%clk 1:05:25]} Ng4 {[%clk 1:18:14]}
9. Nb5 {[%clk 0:50:12]} Qd8 {[%clk 1:16:43]} 10. e6 {[%clk 0:49:06]} fxe6
{[%clk 1:12:15]} 11. h5 {[%clk 0:44:53]} c6 {[%clk 1:03:49]} 12. Nc3
{[%clk 0:37:31]} e5 {[%clk 0:53:52]} 13. dxe5 {[%clk 0:35:10]} Ndxe5
{[%clk 0:54:06]} 14. Nxe5 {[%clk 0:34:01]} Bxe5 {[%clk 0:51:40]} 15. Bxe5
{[%clk 0:32:26]} Nxe5 {[%clk 0:51:30]} 16. hxg6 {[%clk 0:31:44]} hxg6
{[%clk 0:45:34]} 17. Qh6 {[%clk 0:30:54]} Kf7 {[%clk 0:45:59]} 18. f4
{[%clk 0:27:42]} Qb6 {[%clk 0:43:33]} 19. fxe5 {[%clk 0:19:04]} Qxb2
{[%clk 0:44:01]} 20. Kd2 {[%clk 0:18:59]} Bf5 {[%clk 0:44:20]} 21. Bc4+
{[%clk 0:15:10]} Ke8 {[%clk 0:43:43]} 22. Bd3 {[%clk 0:10:16]} dxe5
{[%clk 0:42:30]} 23. Bxf5 {[%clk 0:10:00]} Rd8+ {[%clk 0:40:58]} 24. Bd3
{[%clk 0:07:40]} Rf2+ {[%clk 0:41:21]} 25. Ne2 {[%clk 0:02:18]} Rxd3+
{[%clk 0:36:20]} 26. Kxd3 {[%clk 0:02:38]} e4+ {[%clk 0:36:48]} 27. Kd2
{[%clk 0:02:14]} Qd4+ {[%clk 0:35:32]} 28. Ke1 {[%clk 0:02:24]} 1-0

[Event "World Chess Olympiad 2018"]
[Site "Batumi"]
[Date "2018.10.05"]
[Round "11"]
[Board "3"]
[WhiteFideId "15400166"]
[White "Mak Tong Kuan"]
[BlackFideId "12202576"]
[Black "Abdelazeez Mohamed Abdalla"]
[Result "0-1"]
[LiveChessVersion "1.4.8"]
[BlackElo "2183"]
[WhiteElo "1840"]

1. c4 {[%clk 1:30:52]} c5 {[%clk 1:30:47]} 2. Nc3 {[%clk 1:31:16]} Nf6
{[%clk 1:31:07]} 3. g3 {[%clk 1:31:06]} g6 {[%clk 1:31:30]} 4. Bg2
{[%clk 1:31:27]} Bg7 {[%clk 1:31:54]} 5. e3 {[%clk 1:29:44]} Nc6 {[%clk 1:30:54]}
6. Nge2 {[%clk 1:29:54]} O-O {[%clk 1:31:08]} 7. O-O {[%clk 1:29:58]} b6
{[%clk 1:31:21]} 8. d4 {[%clk 1:26:15]} cxd4 {[%clk 1:31:10]} 9. exd4
{[%clk 1:24:57]} Bb7 {[%clk 1:31:31]} 10. b3 {[%clk 1:22:08]} d6 {[%clk 1:30:31]}
11. Ba3 {[%clk 1:15:50]} a6 {[%clk 1:27:26]} 12. Rc1 {[%clk 1:06:44]} Na5
{[%clk 1:23:13]} 13. d5 {[%clk 1:05:54]} Bc8 {[%clk 1:23:36]} 14. Nd4
{[%clk 1:03:47]} Bd7 {[%clk 1:20:09]} 15. Re1 {[%clk 0:50:37]} Rc8
{[%clk 1:20:14]} 16. h3 {[%clk 0:39:08]} Re8 {[%clk 1:18:20]} 17. Bb4
{[%clk 0:38:20]} Qc7 {[%clk 1:17:52]} 18. Bxa5 {[%clk 0:29:30]} bxa5
{[%clk 1:14:40]} 19. Nc6 {[%clk 0:26:40]} e5 {[%clk 1:15:03]} 20. Qd2
{[%clk 0:17:03]} Nh5 {[%clk 1:12:25]} 21. Ne2 {[%clk 0:11:06]} Qb6
{[%clk 1:09:54]} 22. g4 {[%clk 0:05:54]} Nf4 {[%clk 1:08:03]} 23. Nxf4
{[%clk 0:05:40]} Bh6 {[%clk 1:08:24]} 24. Qe2 {[%clk 0:01:11]} Bxf4
{[%clk 1:08:40]} 25. Rb1 {[%clk 0:01:30]} f5 {[%clk 1:08:54]} 26. b4
{[%clk 0:01:45]} Bxc6 {[%clk 1:04:06]} 27. bxa5 {[%clk 0:00:50]} Qxa5
{[%clk 1:04:13]} 28. dxc6 {[%clk 0:01:02]} e4 {[%clk 1:04:13]} 29. Rb7
{[%clk 0:00:48]} Qd2 {[%clk 0:59:48]} 30. Qxd2 {[%clk 0:00:38]} Bxd2
{[%clk 1:00:11]} 31. Re2 {[%clk 0:00:37]} Bf4 {[%clk 1:00:22]} 32. Rb6
{[%clk 0:00:37]} a5 {[%clk 1:00:19]} 33. Reb2 {[%clk 0:00:39]} e3
{[%clk 0:58:03]} 34. Bd5+ {[%clk 0:01:05]} Kh8 {[%clk 0:58:31]} 35. Kf1
{[%clk 0:01:07]} exf2 {[%clk 0:58:54]} 36. gxf5 {[%clk 0:00:33]} gxf5
{[%clk 0:59:06]} 37. Kxf2 {[%clk 0:00:47]} Be3+ {[%clk 0:59:29]} 38. Kf3
{[%clk 0:01:14]} Bxb6 {[%clk 0:58:51]} 39. Rxb6 {[%clk 0:01:42]} Rb8
{[%clk 0:56:26]} 40. Rb5 {[%clk 0:31:30]} Kg7 {[%clk 1:25:57]} 41. a4
{[%clk 0:31:51]} Kf6 {[%clk 1:26:06]} 42. Kf4 {[%clk 0:28:20]} Ra8
{[%clk 1:22:17]} 43. c7 {[%clk 0:15:06]} Rac8 {[%clk 1:22:19]} 44. Rb6
{[%clk 0:12:54]} Ke7 {[%clk 1:21:11]} 45. Kxf5 {[%clk 0:11:05]} Rxc7
{[%clk 1:18:59]} 46. Ra6 {[%clk 0:11:06]} Kd7 {[%clk 1:18:38]} 47. Rxa5
{[%clk 0:10:34]} Re5+ {[%clk 1:19:01]} 48. Kf6 {[%clk 0:09:28]} Rxc4
{[%clk 1:19:15]} 49. Ra7+ {[%clk 0:08:00]} Rc7 {[%clk 1:19:43]} 0-1

[Event "World Chess Olympiad 2018"]
[Site "Batumi"]
[Date "2018.10.05"]
[Round "11"]
[Board "4"]
[WhiteFideId "12202606"]
[White "Mohamed Faisal"]
[BlackFideId "15400212"]
[Black "Celis Joel"]
[Result "1-0"]
[LiveChessVersion "1.4.8"]
[BlackElo "1840"]
[WhiteElo "2127"]

1. Nf3 g6 2. c4 d6 3. d4 Nf6 4. Nc3 Bg7 5. Bg5 O-O 6. e3 c6 7. Bd3 a6 8. O-O b5
9. Re1 Nh5 10. Nd2 f5 11. Be2 Nf6 12. cxb5 axb5 13. Bf3 Qb6 14. Qb3+ Kh8 15. Nxb5
Ra5 16. Nc4 Be6 17. d5 Bxd5 18. Bxd5 Qxb5 19. Nxa5 Qxa5 20. Bf3 Na6 21. Bxc6 Nc5
22. Qb5 Qa7 23. Bf3 Rb8 24. Qc4 Nfe4 25. h4 Bxb2 26. Rad1 Nc3 27. Rxd6 N5e4 28.
Rc6 Qd7 29. Rc7 Qd2 30. Rf1 Nd6 31. Qe6 Nce4 32. Qxe7 Nxg5 33. hxg5 Kg8 34. Qxh7+
Kf8 35. Qe7+ Kg8 36. Rd7 Re8 1-0

[Event "World Chess Olympiad 2018"]
[Site "Batumi"]
[Date "2018.10.05"]
[Round "11"]
[Board "1"]
[WhiteFideId "20500220"]
[White "Mphungu Gerrard"]
[BlackFideId "5712181"]
[Black "Lye Lik Zang"]
[Result "1/2-1/2"]
[LiveChessVersion "1.4.8"]
[BlackElo "2351"]
[WhiteElo "2091"]

1. d4 {[%clk 1:30:22]} d5 {[%clk 1:30:51]} 2. c4 {[%clk 1:30:48]} dxc4
{[%clk 1:30:55]} 3. e3 {[%clk 1:30:29]} e5 {[%clk 1:30:21]} 4. Bxc4
{[%clk 1:30:07]} exd4 {[%clk 1:29:26]} 5. exd4 {[%clk 1:27:21]} Bd6
{[%clk 1:27:09]} 6. Nf3 {[%clk 1:25:56]} Nf6 {[%clk 1:26:41]} 7. O-O
{[%clk 1:25:30]} O-O {[%clk 1:26:47]} 8. Nc3 {[%clk 1:24:23]} Bg4
{[%clk 1:18:35]} 9. h3 {[%clk 1:16:26]} Bh5 {[%clk 0:54:38]} 10. g4
{[%clk 1:09:59]} Bg6 {[%clk 0:50:11]} 11. Ne5 {[%clk 1:09:07]} c5
{[%clk 0:39:21]} 12. Be3 {[%clk 0:54:15]} cxd4 {[%clk 0:33:39]} 13. Nxg6
{[%clk 0:54:22]} hxg6 {[%clk 0:33:13]} 14. Bxd4 {[%clk 0:54:41]} Nc6
{[%clk 0:31:26]} 15. Bxf6 {[%clk 0:54:30]} gxf6 {[%clk 0:29:37]} 16. Qd5
{[%clk 0:48:46]} Be5 {[%clk 0:18:36]} 17. Rad1 {[%clk 0:40:35]} Qxd5
{[%clk 0:12:34]} 18. Rxd5 {[%clk 0:36:59]} Rac8 {[%clk 0:11:23]} 19. Bb3
{[%clk 0:34:08]} Rfd8 {[%clk 0:10:08]} 20. Rfd1 {[%clk 0:33:58]} Nd4
{[%clk 0:06:41]} 21. Rxd8+ {[%clk 0:33:53]} Rxd8 {[%clk 0:07:06]} 22. Kg2
{[%clk 0:34:11]} g5 {[%clk 0:04:55]} 23. Nb5 {[%clk 0:30:57]} a6 {[%clk 0:04:50]}
24. Nxd4 {[%clk 0:31:23]} Rxd4 {[%clk 0:05:09]} 25. Rxd4 {[%clk 0:30:54]} Bxd4
{[%clk 0:05:35]} 26. Bd5 {[%clk 0:31:21]} Bxb2 {[%clk 0:05:57]} 27. Bxb7
{[%clk 0:31:48]} a5 {[%clk 0:06:22]} 28. Kf3 {[%clk 0:32:14]} Bd4
{[%clk 0:06:41]} 29. Ke2 {[%clk 0:32:42]} Kg7 {[%clk 0:06:55]} 30. f3
{[%clk 0:33:10]} Bc3 {[%clk 0:07:11]} 31. Ba6 {[%clk 0:33:37]} Kf8
{[%clk 0:07:31]} 32. Kd3 {[%clk 0:34:04]} Be1 {[%clk 0:07:56]} 33. Ke4
{[%clk 0:34:07]} Bg3 {[%clk 0:08:18]} 34. Kf5 {[%clk 0:34:36]} Kg7
{[%clk 0:08:36]} 35. a4 {[%clk 0:34:32]} Bd6 {[%clk 0:08:40]} 36. Bd3
{[%clk 0:34:58]} Bc7 {[%clk 0:08:47]} 37. Ke4 {[%clk 0:34:59]} Bg3
{[%clk 0:08:43]} 38. Bc4 {[%clk 0:35:25]} Kf8 {[%clk 0:08:53]} 39. Kd5
{[%clk 0:34:45]} Ke7 {[%clk 0:09:20]} 40. Bb5 {[%clk 1:05:07]} Bf4
{[%clk 0:39:38]} 41. Ke4 {[%clk 1:05:36]} Bg3 {[%clk 0:39:42]} 42. Bc4
{[%clk 1:05:55]} Kf8 {[%clk 0:39:57]} 43. Kf5 {[%clk 1:06:11]} Kg7
{[%clk 0:40:13]} 44. Bf1 {[%clk 1:04:42]} Bd6 {[%clk 0:40:08]} 45. Bc4
{[%clk 0:46:59]} 1/2-1/2

[Event "World Chess Olympiad 2018"]
[Site "Batumi"]
[Date "2018.10.05"]
[Round "11"]
[Board "2"]
[WhiteFideId "5704154"]
[White "Zulkipli Zaidan"]
[BlackFideId "20500254"]
[Black "Mwale George"]
[Result "1-0"]
[LiveChessVersion "1.4.8"]
[BlackElo "2000"]
[WhiteElo "2203"]

1. d4 {[%clk 1:30:38]} d5 {[%clk 1:30:21]} 2. c4 {[%clk 1:31:03]} c6
{[%clk 1:30:45]} 3. cxd5 {[%clk 1:31:21]} cxd5 {[%clk 1:31:03]} 4. Nc3
{[%clk 1:31:42]} Nf6 {[%clk 1:31:19]} 5. Nf3 {[%clk 1:32:05]} e6 {[%clk 1:30:47]}
6. Bf4 {[%clk 1:32:26]} Bd6 {[%clk 1:30:51]} 7. Bg3 {[%clk 1:32:47]} O-O
{[%clk 1:30:54]} 8. e3 {[%clk 1:33:02]} Nc6 {[%clk 1:30:52]} 9. Bd3
{[%clk 1:32:31]} a6 {[%clk 1:30:56]} 10. Rc1 {[%clk 1:32:51]} Re8
{[%clk 1:28:24]} 11. Ne5 {[%clk 1:31:55]} Bd7 {[%clk 1:22:34]} 12. Nxf7
{[%clk 1:31:56]} Kxf7 {[%clk 1:22:41]} 13. Bxd6 {[%clk 1:32:24]} Ne7
{[%clk 1:18:38]} 14. O-O {[%clk 1:32:07]} Qb6 {[%clk 1:18:02]} 15. Bc5
{[%clk 1:29:09]} Qd8 {[%clk 1:18:04]} 16. f4 {[%clk 1:27:56]} Bc6
{[%clk 1:13:46]} 17. Qf3 {[%clk 1:28:03]} g6 {[%clk 1:13:27]} 18. Qh3
{[%clk 1:28:07]} h5 {[%clk 1:13:11]} 19. Bxe7 {[%clk 1:22:47]} Qxe7
{[%clk 1:13:23]} 20. Qg3 {[%clk 1:23:14]} Rg8 {[%clk 1:13:02]} 21. Rc2
{[%clk 1:23:24]} Rg7 {[%clk 1:11:50]} 22. a3 {[%clk 1:21:34]} Rh8
{[%clk 0:58:59]} 23. Qh4 {[%clk 1:19:53]} Rd8 {[%clk 0:52:09]} 24. h3
{[%clk 1:18:39]} Rd6 {[%clk 0:46:49]} 25. Rfc1 {[%clk 1:16:23]} Ne8
{[%clk 0:43:12]} 26. Qxe7+ {[%clk 1:15:42]} Kxe7 {[%clk 0:43:39]} 27. Nb1
{[%clk 1:16:09]} Bd7 {[%clk 0:41:46]} 28. Nd2 {[%clk 1:16:16]} g5
{[%clk 0:41:16]} 29. fxg5 {[%clk 1:16:43]} Rxg5 {[%clk 0:40:27]} 30. Nf3
{[%clk 1:17:12]} Rg7 {[%clk 0:37:04]} 31. Ne5 {[%clk 1:17:38]} Rb6
{[%clk 0:33:18]} 32. Rf2 {[%clk 1:16:21]} Rb3 {[%clk 0:28:41]} 33. Kh2
{[%clk 1:08:32]} Nd6 {[%clk 0:22:31]} 34. g4 {[%clk 1:00:55]} hxg4
{[%clk 0:19:55]} 35. hxg4 Nf7 {[%clk 0:14:41]} 36. Ng6+ {[%clk 1:01:18]} Kd6
{[%clk 0:14:54]} 37. Rc3 {[%clk 1:01:41]} Rxc3 {[%clk 0:13:51]} 38. bxc3
{[%clk 1:02:09]} Ng5 {[%clk 0:13:51]} 39. Ne5 {[%clk 1:01:41]} Be8
{[%clk 0:12:08]} 40. Rb2 {[%clk 1:29:33]} b5 {[%clk 0:42:01]} 41. a4
{[%clk 1:28:48]} bxa4 {[%clk 0:38:26]} 42. Rb6+ {[%clk 1:29:02]} Kc7
{[%clk 0:38:47]} 43. Rxa6 {[%clk 1:29:08]} Kb7 {[%clk 0:38:45]} 44. Ra5
{[%clk 1:29:07]} Ne4 {[%clk 0:31:25]} 45. Bxe4 {[%clk 1:27:40]} dxe4
{[%clk 0:31:53]} 46. Kg3 {[%clk 1:27:47]} Rc7 {[%clk 0:30:04]} 47. c4
{[%clk 1:24:52]} Kb6 {[%clk 0:15:37]} 48. Ra8 {[%clk 1:25:07]} Re7
{[%clk 0:15:29]} 49. c5+ {[%clk 1:21:07]} Kb5 {[%clk 0:13:29]} 50. Kf4
{[%clk 1:19:59]} Kb4 {[%clk 0:13:54]} 51. c6 {[%clk 1:17:59]} Kb3
{[%clk 0:11:08]} 52. Rb8+ {[%clk 1:15:44]} Kc3 {[%clk 0:08:54]} 53. Rb7
{[%clk 1:16:05]} Rxb7 {[%clk 0:07:53]} 54. cxb7 {[%clk 1:16:33]} a3
{[%clk 0:08:05]} 55. b8=Q {[%clk 1:16:59]} a2 {[%clk 0:08:24]} 56. Qa7
{[%clk 1:16:52]} Kb2 {[%clk 0:08:43]} 57. Qb6+ {[%clk 1:17:09]} Kc1
{[%clk 0:08:50]} 58. Qc5+ {[%clk 1:17:35]} Kb1 {[%clk 0:08:58]} 59. Qb4+
{[%clk 1:17:54]} Kc2 {[%clk 0:08:53]} 60. Qa3 {[%clk 1:17:34]} Kb1
{[%clk 0:09:13]} 61. Nc4 {[%clk 1:17:47]} 1-0

[Event "World Chess Olympiad 2018"]
[Site "Batumi"]
[Date "2018.10.05"]
[Round "11"]
[Board "3"]
[WhiteFideId "16400119"]
[White "Chipanga Chiletso"]
[BlackFideId "5702640"]
[Black "Fong Yit San"]
[Result "0-1"]
[LiveChessVersion "1.4.8"]
[BlackElo "2108"]
[WhiteElo "2153"]

1. d4 {[%clk 1:30:42]} Nf6 {[%clk 1:30:48]} 2. c4 {[%clk 1:31:05]} g6
{[%clk 1:31:06]} 3. Nc3 {[%clk 1:31:30]} d5 {[%clk 1:31:28]} 4. Nf3
{[%clk 1:30:38]} Bg7 {[%clk 1:31:48]} 5. h3 {[%clk 1:30:23]} O-O {[%clk 1:31:42]}
6. cxd5 {[%clk 1:29:51]} Nxd5 {[%clk 1:28:06]} 7. e3 {[%clk 1:30:05]} c5
{[%clk 1:27:30]} 8. Be2 {[%clk 1:26:05]} Nc6 {[%clk 1:27:33]} 9. O-O
{[%clk 1:26:03]} cxd4 {[%clk 1:26:45]} 10. exd4 {[%clk 1:26:26]} h6
{[%clk 1:26:59]} 11. Re1 {[%clk 1:23:50]} Be6 {[%clk 1:26:49]} 12. Bb5
{[%clk 1:22:09]} Rc8 {[%clk 1:26:04]} 13. Ne4 {[%clk 1:21:12]} Ncb4
{[%clk 1:23:06]} 14. Nc5 {[%clk 1:20:15]} Bf5 {[%clk 1:22:51]} 15. Re2
{[%clk 1:16:52]} Rxc5 {[%clk 1:14:08]} 16. dxc5 {[%clk 1:16:51]} Nc3
{[%clk 1:14:34]} 17. Qf1 {[%clk 1:08:20]} Nxb5 {[%clk 1:13:55]} 18. Bf4
{[%clk 0:56:51]} Bd3 {[%clk 1:13:05]} 19. Rd1 {[%clk 0:53:50]} Nd4
{[%clk 1:11:36]} 20. Nxd4 {[%clk 0:53:08]} Qxd4 {[%clk 1:11:58]} 21. Be3
{[%clk 0:48:39]} Qc4 {[%clk 1:09:55]} 22. Rxd3 {[%clk 0:45:05]} Qxd3
{[%clk 1:09:26]} 23. Qe1 {[%clk 0:37:27]} Nc2 {[%clk 1:07:33]} 24. Qd2
{[%clk 0:37:37]} Qxd2 {[%clk 1:07:32]} 25. Bxd2 {[%clk 0:38:03]} e6
{[%clk 1:06:46]} 26. Bxh6 {[%clk 0:33:03]} Nd4 {[%clk 1:05:51]} 27. Rd2
{[%clk 0:33:27]} Nf3+ {[%clk 1:06:04]} 28. gxf3 {[%clk 0:33:49]} Bxh6
{[%clk 1:06:31]} 29. Rd7 {[%clk 0:34:17]} Rb8 {[%clk 1:06:54]} 30. b4
{[%clk 0:34:38]} Kf8 {[%clk 1:05:05]} 31. b5 {[%clk 0:34:24]} Ke8
{[%clk 1:05:16]} 32. c6 {[%clk 0:28:56]} bxc6 {[%clk 1:05:41]} 33. bxc6
{[%clk 0:29:25]} Rc8 {[%clk 1:05:46]} 34. Rxa7 {[%clk 0:29:48]} Rxc6
{[%clk 1:06:14]} 35. a4 {[%clk 0:29:50]} Bg7 {[%clk 1:05:42]} 36. Ra8+
{[%clk 0:29:08]} Kd7 {[%clk 1:05:53]} 37. Kg2 {[%clk 0:29:06]} Bd4
{[%clk 1:06:01]} 0-1

[Event "World Chess Olympiad 2018"]
[Site "Batumi"]
[Date "2018.10.05"]
[Round "11"]
[Board "4"]
[WhiteFideId "5716934"]
[White "Mahmood Shah Mukhriez Shah"]
[BlackFideId "16400135"]
[Black "Mwale Joseph"]
[Result "0-1"]
[LiveChessVersion "1.4.8"]
[BlackElo "2231"]
[WhiteElo "1826"]

1. e4 {[%clk 1:29:04]} e5 {[%clk 1:30:59]} 2. Nf3 {[%clk 1:28:05]} Nc6
{[%clk 1:31:27]} 3. d4 {[%clk 1:27:02]} exd4 {[%clk 1:31:53]} 4. Nxd4
{[%clk 1:26:00]} Bc5 {[%clk 1:32:18]} 5. Nb3 {[%clk 1:24:55]} Bb6
{[%clk 1:32:47]} 6. Nc3 {[%clk 1:24:16]} d6 {[%clk 1:32:29]} 7. Qe2
{[%clk 1:23:04]} h6 {[%clk 1:32:27]} 8. Be3 {[%clk 1:22:03]} Nf6 {[%clk 1:33:08]}
9. h3 {[%clk 1:21:12]} Qe7 {[%clk 1:33:05]} 10. O-O-O {[%clk 1:18:00]} Bd7
{[%clk 1:30:37]} 11. g4 {[%clk 1:16:17]} O-O-O {[%clk 1:27:55]} 12. Bxb6
{[%clk 1:15:13]} axb6 {[%clk 1:28:01]} 13. Bg2 {[%clk 1:14:36]} Qe5
{[%clk 1:27:23]} 14. Qe3 {[%clk 1:13:22]} g5 {[%clk 1:27:16]} 15. Rhe1
{[%clk 1:10:52]} h5 {[%clk 1:26:23]} 16. f3 {[%clk 1:07:50]} Be6 {[%clk 1:25:21]}
17. Nd4 {[%clk 1:07:12]} Nxd4 {[%clk 1:20:35]} 18. Qxd4 {[%clk 1:07:36]} Qxd4
{[%clk 1:17:48]} 19. Rxd4 {[%clk 1:08:03]} hxg4 {[%clk 1:18:14]} 20. fxg4
{[%clk 1:07:36]} Nd7 {[%clk 1:18:43]} 21. Re3 {[%clk 1:03:41]} Ne5
{[%clk 1:19:07]} 22. Nd5 {[%clk 1:02:28]} Bxd5 {[%clk 1:18:02]} 23. exd5
{[%clk 1:02:51]} Rh6 {[%clk 1:18:13]} 24. Ra4 {[%clk 1:01:56]} Kd7
{[%clk 1:16:40]} 25. Be4 {[%clk 1:02:05]} Rdh8 {[%clk 1:11:19]} 26. Raa3
{[%clk 1:02:16]} Rf6 {[%clk 1:11:13]} 27. Rec3 {[%clk 1:00:54]} b5
{[%clk 1:09:47]} 28. Ra7 {[%clk 0:57:23]} b4 {[%clk 1:07:57]} 29. Rb3
{[%clk 0:57:04]} Rf1+ {[%clk 1:03:57]} 30. Kd2 {[%clk 0:57:33]} Rf2+
{[%clk 0:59:02]} 31. Ke1 {[%clk 0:57:34]} Rf4 {[%clk 0:59:23]} 32. Bf5+
{[%clk 0:56:47]} Ke7 {[%clk 0:59:47]} 33. Rxb7 {[%clk 0:55:46]} Nf3+
{[%clk 1:00:04]} 34. Kd1 {[%clk 0:55:53]} Rxh3 {[%clk 1:00:08]} 35. Re3+
{[%clk 0:56:22]} Kf6 {[%clk 1:00:25]} 36. c3 {[%clk 0:53:01]} Rh1+
{[%clk 0:56:32]} 37. Kc2 {[%clk 0:53:01]} Rh2+ {[%clk 0:56:53]} 38. Kc1
{[%clk 1:21:56]} Ne5 {[%clk 1:26:21]} 39. Re1 {[%clk 1:21:28]} Rxf5
{[%clk 1:26:45]} 40. gxf5 {[%clk 1:21:25]} Nd3+ {[%clk 1:27:12]} 41. Kd1
{[%clk 1:21:51]} Nxb2+ {[%clk 1:27:38]} 42. Kc1 {[%clk 1:22:04]} Nd3+
{[%clk 1:28:06]} 43. Kd1 {[%clk 1:22:23]} bxc3 {[%clk 1:28:04]} 44. Re2
{[%clk 1:22:00]} Rxe2 {[%clk 1:28:05]} 45. Kxe2 {[%clk 1:22:09]} c2
{[%clk 1:28:28]} 46. Rxc7 {[%clk 1:22:27]} c1=Q {[%clk 1:28:51]} 47. Rxc1
{[%clk 1:22:43]} Nxc1+ {[%clk 1:29:18]} 48. Ke3 {[%clk 1:23:09]} 0-1

[Event "World Chess Olympiad 2018"]
[Site "Batumi"]
[Date "2018.10.05"]
[Round "11"]
[Board "1"]
[WhiteFideId "7603991"]
[White "Gnaam Koteba."]
[BlackFideId "11300507"]
[Black "Oatlhotse Providence"]
[Result "0-1"]
[LiveChessVersion "1.4.8"]
[BlackElo "2206"]
[WhiteElo "2061"]

1. e4 {[%clk 1:30:56]} e5 {[%clk 1:30:58]} 2. Nf3 {[%clk 1:31:05]} Nc6
{[%clk 1:31:26]} 3. Bc4 {[%clk 1:31:28]} Bc5 {[%clk 1:30:53]} 4. c3
{[%clk 1:31:47]} Qe7 {[%clk 1:31:19]} 5. O-O {[%clk 1:31:13]} d6 {[%clk 1:31:30]}
6. d4 {[%clk 1:30:42]} Bb6 {[%clk 1:31:57]} 7. Re1 {[%clk 1:27:25]} Nf6
{[%clk 1:32:14]} 8. d5 {[%clk 1:25:57]} Nd8 {[%clk 1:32:14]} 9. Nbd2
{[%clk 1:26:18]} g5 {[%clk 1:21:37]} 10. Nxg5 {[%clk 1:04:54]} Rg8
{[%clk 1:17:17]} 11. Nf1 {[%clk 0:56:10]} Ng4 {[%clk 1:14:50]} 12. Nh3
{[%clk 0:53:42]} Qf6 {[%clk 1:12:01]} 13. Qe2 {[%clk 0:47:35]} h5
{[%clk 1:11:09]} 14. Ng3 {[%clk 0:45:06]} h4 {[%clk 1:10:37]} 15. Nf5
{[%clk 0:43:44]} Bxf5 {[%clk 1:10:44]} 16. exf5 {[%clk 0:43:49]} Qxf5
{[%clk 1:10:22]} 17. Bd3 {[%clk 0:42:35]} Qf6 {[%clk 1:10:06]} 18. Kh1
{[%clk 0:36:43]} Nxf2+ {[%clk 1:04:56]} 19. Nxf2 {[%clk 0:36:10]} Qxf2
{[%clk 1:05:05]} 20. Qxf2 {[%clk 0:35:35]} Bxf2 {[%clk 1:05:33]} 21. Re2
{[%clk 0:31:23]} Bb6 {[%clk 1:05:31]} 22. Bd2 {[%clk 0:30:12]} c6
{[%clk 1:01:54]} 23. dxc6 {[%clk 0:29:03]} bxc6 {[%clk 1:01:38]} 24. Rf1
{[%clk 0:27:43]} Ne6 {[%clk 1:00:53]} 25. Bc2 {[%clk 0:25:11]} Ke7
{[%clk 0:58:53]} 26. h3 {[%clk 0:24:41]} Rh8 {[%clk 0:53:34]} 27. Be1
{[%clk 0:20:34]} Rh6 {[%clk 0:47:27]} 28. Ba4 {[%clk 0:19:19]} c5
{[%clk 0:44:01]} 29. Bb3 {[%clk 0:14:40]} Rah8 {[%clk 0:39:58]} 30. Bd2
{[%clk 0:11:56]} Rf6 {[%clk 0:38:11]} 31. Rxf6 {[%clk 0:10:05]} Kxf6
{[%clk 0:38:33]} 32. Rf2+ {[%clk 0:10:18]} Ke7 {[%clk 0:38:11]} 33. Bd5
{[%clk 0:06:05]} Rh5 {[%clk 0:37:31]} 34. Be4 {[%clk 0:04:25]} f6
{[%clk 0:32:11]} 35. Bg6 {[%clk 0:01:56]} Rh8 {[%clk 0:32:37]} 36. Re2
{[%clk 0:01:53]} d5 {[%clk 0:32:33]} 37. a4 {[%clk 0:00:44]} c4 {[%clk 0:31:49]}
38. Bc2 {[%clk 0:00:34]} e4 {[%clk 0:26:50]} 39. b3 {[%clk 0:00:38]} f5
{[%clk 0:27:08]} 40. bxc4 {[%clk 0:30:42]} dxc4 {[%clk 0:57:15]} 41. Bb1
{[%clk 0:24:08]} Kf6 {[%clk 0:53:48]} 42. Ba2 {[%clk 0:22:50]} Rc8
{[%clk 0:54:14]} 43. Be1 {[%clk 0:21:45]} Kg5 {[%clk 0:54:32]} 44. Bd2+
{[%clk 0:18:20]} Kh5 {[%clk 0:54:46]} 45. Re1 {[%clk 0:15:23]} Bf2
{[%clk 0:52:04]} 46. Re2 {[%clk 0:14:41]} Bg3 {[%clk 0:51:06]} 47. Kg1
{[%clk 0:13:15]} Nf4 {[%clk 0:42:16]} 48. Bxf4 {[%clk 0:13:14]} Bxf4
{[%clk 0:42:44]} 49. Kf2 {[%clk 0:12:48]} Kg5 {[%clk 0:42:18]} 50. Rb2
{[%clk 0:12:58]} Be5 {[%clk 0:40:03]} 51. Ke3 {[%clk 0:07:05]} Rd8
{[%clk 0:35:34]} 52. Bxc4 {[%clk 0:04:48]} Rc8 {[%clk 0:35:09]} 53. Rb5
{[%clk 0:02:33]} Rxc4 {[%clk 0:34:12]} 54. Rxe5 {[%clk 0:02:44]} Rxc3+
{[%clk 0:31:49]} 55. Kd4 {[%clk 0:01:53]} Rd3+ {[%clk 0:28:18]} 56. Kc4
{[%clk 0:01:17]} Kf4 {[%clk 0:27:51]} 57. Re7 {[%clk 0:01:36]} a5
{[%clk 0:27:07]} 58. Rh7 {[%clk 0:01:15]} Ra3 {[%clk 0:25:08]} 59. Kb5
{[%clk 0:00:59]} e3 {[%clk 0:20:52]} 60. Re7 {[%clk 0:00:36]} Kg3
{[%clk 0:20:39]} 61. Kc4 {[%clk 0:00:40]} Kxg2 {[%clk 0:20:33]} 62. Re5
{[%clk 0:00:51]} f4 {[%clk 0:20:15]} 63. Rxa5 {[%clk 0:00:41]} 0-1